000 00325nam a2200109Ia 4500
008 220217s9999||||xx |||||||||||||| ||und||
100 _aThulasiraman, K Swamy, M.N.S
_92089
245 0 _aGraph theory and algorithms
260 _aJohn wiely & sons Inc.
_bNew Delhi
_c1992
300 _aXV,460p
_b5879
650 _aMATHEMATICS
999 _c168117
_d168117